| 000 | 00929nam a22002417a 4500 | ||
|---|---|---|---|
| 999 |
_c5404 _d5404 |
||
| 003 | AR-CdUCM | ||
| 008 | 190312b ||||| |||| 00| 0 spa d | ||
| 040 |
_aMUNICIPALIDAD PROVINCIAL DEL CUSCO _cBIBLIOTECA MUNICIPAL DEL CUSCO |
||
| 041 | _heng | ||
| 082 |
_a192 / _bR961 _23ed. |
||
| 100 |
_aRussell, Bertrand _916285 |
||
| 245 | _aAutoridad e individuo / | ||
| 260 |
_aMéxico D.F. : _bFondo de cultura económica, _c1954. |
||
| 300 |
_a143 páginas ; _c17 cm. |
||
| 440 |
_aBreviarios _n15 _916286 |
||
| 505 | _aContenido: La cohesión social y la naturaleza humana -- La cohesión social y el gobierno -- La función de la individualidad -- El conflicto entre la técnica y la naturaleza humana ... | ||
| 650 |
_aSociedad y naturaleza humana _916287 |
||
| 650 |
_aÉtica social _916288 |
||
| 650 |
_aTécnica y sociedad _916289 |
||
| 700 |
_aVillegas, Márgara (traductor) _916290 |
||
| 942 |
_2ddc _cLIBROS |
||
| 945 | _acmm | ||